Lenguajes de programación / Allen B. Tucker, Jr. (Registro nro. 12289)
[ vista simple ]
| 000 -LÍDER | |
|---|---|
| fixed length control field | 00661nam a2200181 4500 |
| 008 - ELEMENTOS DE LONGITUD FIJA -- INFORMACIÓN GENERAL | |
| fixed length control field | 01992 1988 0a 000 0Mex |
| 020 ## - NÚMERO INTERNACIONAL NORMALIZADO PARA LIBROS | |
| ISBN | 968-422-125-8 |
| 050 ## - SIGNATURA TOPOGRAFICA DE LA BIBLIOTECA DEL CONGRESO (LC) | |
| Número de Clasificación | QA76.7 T8318 |
| 082 ## - NUMERO DE CLASIFICACION DECIMAL DEWEY | |
| Número de Clasificación | 001.642.4 T891l |
| 100 ## - ASIENTO PRINCIPAL--NOMBRE PERSONAL | |
| Nombre personal | Tucker, Allen B. Jr. |
| 245 ## - TÍTULO | |
| Título | Lenguajes de programación / Allen B. Tucker, Jr. |
| 250 ## - MENCIÓN DE EDICIÓN | |
| Mención de edición | 2 / Traducido de PROGRAMMING LANGUAGES |
| 260 ## - PUBLICACIÓN, DISTRIBUCIÓN, ETC. (PIE DE IMPRENTA) | |
| Lugar de publicación, distribución, etc. | México : Mcgraw-Hill |
| 300 ## - DESCRIPCIÓN FÍSICA | |
| Extensión | xviii, 626 p. / 23 cm. |
| 500 ## - NOTA GENERAL | |
| Nota general | Incluye ejercicios, referencias y apendice. |
| 650 ## - ASIENTO SECUNDARIO DE MATERIA - TERMINO TEMÁTICO | |
| Término temático o nombre geográfico como elemento de entrada | 1. LENGUAJE DE PROGRAMACION ( COMPUTADORAS ELECTRONICAS ) |
| 700 ## - ASIENTO SECUNDARIO - NOMBRE PERSONAL | |
| Nombre personal | Troya Linero, José María; trad \ Vaquero Sanchez, Antonio; Rev. Tec. |
| No. biblioteca | No. biblioteca | Número de clasificación | Código de barras/Número de adquisición | Número de copia | Tipo de material |
|---|---|---|---|---|---|
| LUIS G. INCLAN | LUIS G. INCLAN | 001.642.4 T891l | 15261 | 1 | Libros |
| LUIS G. INCLAN | LUIS G. INCLAN | 001.642.4 T891l | 16022 | 4 | Libros |
| LUIS G. INCLAN | LUIS G. INCLAN | 001.642.4 T891l | 22029 | 16 | Libros |
| LUIS G. INCLAN | LUIS G. INCLAN | 001.642.4 T891l | 22031 | 18 | Libros |
| LUIS G. INCLAN | LUIS G. INCLAN | 001.642.4 T891l | 30202 | 20 | Libros |
